| 000 | 00645nam a22002297a 4500 | ||
|---|---|---|---|
| 005 | 20170124105930.0 | ||
| 010 | _aA-759397 | ||
| 020 | _c80.00 | ||
| 035 | _aA-759397 | ||
| 037 | _bCen Lib/Ret | ||
| 040 |
_aDPL _bEN |
||
| 082 |
_a331.21 _bSHA |
||
| 100 |
_aSharma, A . M _97963 |
||
| 245 |
_aUnderstanding wages system / _cby A . M . Sharma |
||
| 260 |
_a Bombay _bHimalaya Publishing House _c1998 |
||
| 270 |
_a"Ramdoot" , Dr. Bhalerao Marg , Girgoan _bBombay _e400004 |
||
| 300 |
_a250p. _c21cm(Hb) |
||
| 500 | _aincludes index | ||
| 650 |
_aWages _91220 |
||
| 650 |
_aIndia _97964 |
||
| 942 |
_2ddc _cEN _h331.21 _mSHA |
||
| 999 |
_c123767 _d123767 |
||